000 00769nam a22002177a 4500
005 20240530110512.0
008 151209s2013 le g 000 0 ara d
020 _a9789953569239
040 _aEG-CaGPL
082 0 4 _221
_a321.094\
_bس ت
100 0 _aسجعان ميلاد القزى
245 1 0 _aتغيير الانظمة و الثورات /
_cسجعان ميلاد القزى
260 _aبيروت :
_bدار سائر المشرق للنشر و التوزيع ،
_c2013 .
300 _a335 ص ؛
_c24 سم .
650 0 4 _aالثورات
650 0 4 _aالتمرد و العصيان
650 0 4 _aالحرب الاهلية
651 0 4 _aلبنان
_xالاحوال السياسية .
942 _2ddc
_cBK
999 _c61699
_d61699